| 000 | 01118nam a2200193 a 4500 | ||
|---|---|---|---|
| 008 | 150817s2001 ||||||||||||||||| || u | ||
| 020 | _a9780130190260 | ||
| 050 | _aQP 34.5 Sil | ||
| 100 | _aSilverthorn, Dee Uuglaub | ||
| 245 | 1 | 0 |
_aInstructor's resource guide: human physiology: an integrated approach. (2nd ed.) _cby Dee Unglaub Silverthorn and Richard Damian Hill |
| 250 | _a2nd ed. | ||
| 260 |
_aUnited States of America _bPrentice Hall _c2001 |
||
| 300 | _apagenated | ||
| 650 | 0 | _aHUMAN PHYSIOLOGY | |
| 650 | _aHUMAN PHYSIOLOGY--INSTRUCTOR'S GUIDE | ||
| 995 |
_aMICHAEL CHILUFYA SATA OPEN ACCESS _e903049 _FCBU-SCHOOL OF MEDICINE LIBRARY (Ndola) _I0.00 _jQP 34.5 Sil _M1 _UAVAILABLE _WSep 7, 2015 _y903049 _ZMedical Library Open Access Collection |
||
| 995 |
_aMEDICAL LIBRARY OPEN ACCESS _e903050 _FCBU-SCHOOL OF MEDICINE LIBRARY (Ndola) _I0.00 _jQP 34.5 Sil _M2 _UAVAILABLE _WSep 7, 2015 _y903050 _ZMedical Library Open Access Collection |
||
| 995 |
_aMEDICAL LIBRARY OPEN ACCESS _e903051 _FCBU-SCHOOL OF MEDICINE LIBRARY (Ndola) _I0.00 _jQP 34.5 Sil _M3 _UAVAILABLE _WSep 7, 2015 _y903051 _ZMedical Library Open Access Collection |
||
| 999 |
_c64114 _d64114 |
||